000 01953ncm0a2200385 4500
001 RU\NLR\ONIZ\219587
005 20250626085143.0
013 _a979-0-66003-531-3
021 _aRU
_b17-242н
_917-16н
035 _aRU\NLR\ONIZ\lanatalya\5000005379\20170914143420
035 _a(NLR Aleph) 011535176
090 _a12165622
_c12165622
100 _a20170914d2017 |||y0rusy50 ca
101 0 _arus
102 _aRU
125 _azx
145 0 _ab
200 1 _aЭстрадная гитара в ДМШ и ДШИ
_bНоты
_fА. Л. Бердников
210 _aРостов-на-Дону
_cФеникс
_d2017
215 _a94, [2] с.
_cил.
_d26 см
225 1 _aЛюбимые мелодии
313 _aСистематизация документа проведена по изданию - Методика классифицирования музыкальных произведений (нотных изданий) по таблицам Библиотечно-библиографических классификаций : метод. рекомендации / Гос. б-ка СССР им. В.И. Ленина.- М., 1977. Индексу ББК методических рекомендаций присваивается код ББК для научных библиотек - LBC/SL
606 1 _aЭстрадная гитара в ДМШ и ДШИ
_yРоссия
_jНоты
_2nlr_sh
686 _aЩ956.419.1(2Р=Р)
_vLBC/SL
_2rubbk
700 1 _9z02790
_aБердников
_bА. Л.
_gАндрей Леонидович
_4220
_4070
_7ca
790 1 _9z02700
_aBerdnikov
_bA. L.
_gAndrej Leonidovich
_4220
_4070
_7ba
801 0 _aRU
_bNLR
_c20170914
_gPSBO
801 1 _aRU
_bNLR
_c20170914
_2rusmarc
801 2 _aRU
_bNLR
_c20190921
852 _aNLR
_bМ
_jК-3/28858
_pМОЭ 2017-16н/242н
_t1
852 _aNLR
_bМ
_jК-3/28858а
_pМОЭ 2017-16н/242на
_t2
942 _cSCORE
980 _aNB
980 _aONIZ